000 00681nam a22002297a 4500
003 UA-OsUOA
001 99179
007 ta
008 20130424b un ||||| |||| 00| 0 ukr d
100 _aСмольников И.
090 _a821.161.1
_bС51
942 _cBK
040 _aUA-OsUOA
_brus
_cUA-OsUOA
_dUA-OsUOA
245 _aВ голуюом небе жаворонок
_bрассказы; две повести
300 _a271 с.
955 _a3
041 _arus
080 _a821.161.1
260 _aЛенинград
_bДетская литература
_c1989
650 7 _a82 Література. Літературознавство
_2UDC
999 _c385282
_d385282